[Event "SVR op"]
[Site "Nickenich"]
[Date "2015.04.03"]
[Round "6"]
[White "Rocher, Karl"]
[Black "Juhn, Alexander"]
[Result "0-1"]
[WhiteElo "1251"]
[BlackElo "1489"]
[PlyCount "68"]
[EventDate "2015.03.28"]
[EventType "swiss"]
[EventRounds "7"]
[EventCountry "GER"]
[SourceTitle "EXT 2016"]
[Source "ChessBase"]
[SourceDate "2015.10.08"]
[SourceVersion "1"]
[SourceVersionDate "2015.10.08"]
[SourceQuality "1"]

1. d4 g6 2. c4 Bg7 3. Nf3 Nf6 4. Nc3 0-0 5. e4 d6 6. Bg5 h6 7. Bh4 Nc6 8. d5 Ne5 9. Nxe5 dxe5 10. Bg3 Nh5 11. Qf3 f5 12. h3 e6 13. Bh2 exd5 14. cxd5 Kh7 15. Be2 Qg5 16. 0-0 Nf4 17. Bxf4 exf4 18. Bd3 fxe4 19. Bxe4 Bf5 20. Rab1 Rad8 21. Bxf5 Rxf5 22. Ne4 Qe7 23. Nc3 h5 24. Rfe1 Qf7 25. Re4 g5 26. Rbe1 Bf6 27. Nb5 Rfxd5 28. Nxc7 Qxc7 29. Qxh5+ Kg7 30. Re8 Qf7 31. Qh8+ Kg6 32. Qxf6+ Qxf6 33. R8e6 Rd1 34. Rxf6+ Kxf6 0-1

[Event "SVR-op 30th"]
[Site "Nickenich"]
[Date "2007.04.05"]
[Round "4"]
[White "Haak, Patrick"]
[Black "Juhn, Alexander"]
[Result "0-1"]
[WhiteElo "1033"]
[BlackElo "1181"]
[PlyCount "91"]
[EventDate "2007.03.31"]
[EventType "swiss"]
[EventRounds "7"]
[EventCountry "GER"]
[SourceTitle "EXT 2009"]
[Source "ChessBase"]
[SourceDate "2008.11.26"]
[SourceVersion "1"]
[SourceVersionDate "2008.11.26"]
[SourceQuality "1"]

1. Nf3 Nf6 2. d4 g6 3. c4 Bg7 4. Nc3 0-0 5. e4 d6 6. Be2 Nbd7 7. Bg5 h6 8. Bh4 e5 9. d5 g5 10. Bg3 Nh5 11. 0-0 Nf4 12. Bxf4 exf4 13. Qd2 Ne5 14. Rfe1 f5 15. Nxe5 Bxe5 16. Bd3 Qf6 17. exf5 Bxf5 18. Bxf5 Qxf5 19. Nb5 Rf7 20. Rac1 Qf6 21. b3 a6 22. Nc3 f3 23. g3 Qf5 24. Kh1 Bxg3 25. fxg3 f2 26. Qe2 fxe1Q+ 27. Rxe1 Qf3+ 28. Qxf3 Rxf3 29. Ne4 Raf8 30. Kg2 Kg7 31. c5 dxc5 32. Re2 b6 33. d6 cxd6 34. Nxd6 Rd3 35. Re7+ Kf6 36. Rh7 Rxd6 37. Rxh6+ Ke5 38. Rh5 Kf5 39. h4 Kg6 40. Kh3 Kf6 41. Kg4 gxh4 42. Kxh4 Kg7 43. g4 Rh8 44. Rxh8 Kxh8 45. Kh5 Kg7 46. g5 0-1

[Event "SVR-op 30th"]
[Site "Nickenich"]
[Date "2007.04.05"]
[Round "5"]
[White "Juhn, Alexander"]
[Black "Marx, Christina"]
[Result "1/2-1/2"]
[WhiteElo "1181"]
[BlackElo "1404"]
[PlyCount "99"]
[EventDate "2007.03.31"]
[EventType "swiss"]
[EventRounds "7"]
[EventCountry "GER"]
[SourceTitle "EXT 2009"]
[Source "ChessBase"]
[SourceDate "2008.11.26"]
[SourceVersion "1"]
[SourceVersionDate "2008.11.26"]
[SourceQuality "1"]

1. c4 g6 2. Nc3 Bg7 3. g3 e6 4. Bg2 c6 5. e4 Ne7 6. d4 a6 7. a4 b6 8. d5 d6 9. Nge2 e5 10. 0-0 Bb7 11. f4 cxd5 12. cxd5 f5 13. Qb3 Nd7 14. Be3 0-0 15. a5 b5 16. Na4 Kh8 17. Nb6 Nxb6 18. Bxb6 Qd7 19. Rac1 Rac8 20. Rxc8 Rxc8 21. exf5 Qxf5 22. Nc3 Rc4 23. Nxb5 axb5 24. Qxb5 Qc8 25. Bh3 Nf5 26. Re1 Ba6 27. Qb3 exf4 28. Bf1 Nd4 29. Qd1 fxg3 30. Bxc4 gxh2+ 31. Kh1 Nb5 32. Bxb5 Bxb5 33. Bd4 Qf8 34. Bxg7+ Qxg7 35. Qb3 Qf8 36. Qxb5 Qf3+ 37. Kxh2 Qf2+ 38. Kh3 Qxe1 39. Qb8+ Kg7 40. Qc7+ Kh6 41. Qxd6 Qf1+ 42. Kh4 Qc4+ 43. Kh3 Qf1+ 44. Kh4 Qh1+ 45. Kg4 Qh5+ 46. Kg3 Qg5+ 47. Kh3 Qf5+ 48. Kh4 Qg5+ 49. Kh3 Kh5 50. b4 1/2-1/2